Aus der Geschichte der Zahlungsmittel (des Geldes).
Etapa tzv. primitívnych peňazí, resp. predmincové obdobie a rôznorodosť naturálnych platobných prostriedkov (mušle, ťavy, perly, káva...). Objavenie sa kovových peňazí v európskej kultúre r. 700 pr. n.l. Použitie maníl (špeciálne náramky z medi, železa..), textílií, ale i ginu ako platidla.
Uložené v:
| Hlavný autor: | |
|---|---|
| Médium: | Kapitola |
| Jazyk: | German |
| Predmet: | |
| Tagy: |
Žiadne tagy, Buďte prvý, kto otaguje tento záznam!
|
MARC
| LEADER | 00000naa a2200000 4500 | ||
|---|---|---|---|
| 001 | r005941 | ||
| 005 | 20221208122710.1 | ||
| 041 | 0 | |a ger | |
| 044 | |a DE | ||
| 245 | 1 | 0 | |a Aus der Geschichte der Zahlungsmittel (des Geldes). |c H.-J. Runge |
| 520 | |a Etapa tzv. primitívnych peňazí, resp. predmincové obdobie a rôznorodosť naturálnych platobných prostriedkov (mušle, ťavy, perly, káva...). Objavenie sa kovových peňazí v európskej kultúre r. 700 pr. n.l. Použitie maníl (špeciálne náramky z medi, železa..), textílií, ale i ginu ako platidla. | ||
| 610 | 2 | 0 | |a peniaze |
| 610 | 2 | 0 | |a prostriedky platobné |
| 610 | 2 | 0 | |a dejiny hospodárske |
| 100 | 1 | |a Runge, H.-J. | |